Statistics for Largest Immigrant Group In Each European Country

Click here to take the quiz!

General Stats

  • This quiz has been taken 58 times
  • The average score is 27 of 41

Answer Stats

CountryGroup% Correct
BelarusRussia
93%
EstoniaRussia
91%
GermanyTurkey
91%
FranceAlgeria
87%
Bosnia and HerzegovinaSerbia
87%
CroatiaSerbia
87%
FinlandSweden
84%
BelgiumFrance
82%
LithuaniaRussia
82%
LatviaRussia
80%
BulgariaTurkey
80%
RussiaUkraine
78%
MoldovaUkraine
78%
UkraineRussia
76%
AlbaniaKosovo
73%
MontenegroSerbia
73%
GreeceAlbania
71%
KosovoAlbania
71%
TurkeySyria
67%
United KingdomIndia
64%
PolandUkraine
64%
North MacedoniaAlbania
62%
AustriaGermany
62%
PortugalBrazil
60%
SpainMorocco
60%
IrelandPoland
60%
SwedenSyria
60%
NetherlandsTurkey
58%
SloveniaSerbia
56%
Czech RepublicUkraine
56%
SlovakiaUkraine
53%
MaltaUnited Kingdom
53%
ItalyRomania
51%
SerbiaBosnia and Herzegovina
47%
LuxembourgPortugal
47%
RomaniaHungary
42%
DenmarkPoland
42%
SwitzerlandItaly
40%
IcelandPoland
40%
NorwayPoland
38%
HungaryGermany
33%

Score Distribution

Percentile by Number Answered

Percent of People with Each Score

Your Score History

You have not taken this quiz